|
|
|
|
| LEADER |
00000nab a2200000ua 4500 |
| 001 |
vtls010753417 |
| 003 |
SK-MaSNL |
| 005 |
20260304202614.0 |
| 008 |
250718s2012 xo |||||||||||||||||slo| |
| 035 |
|
|
|a (urnnbn)urn:nbn:sk:snk:ar-a05y4y
|
| 035 |
|
|
|a (uuid)8fe3800b-1448-4153-a3ad-71f5f5988af3
|
| 035 |
|
|
|a urn:nbn:sk:snk-ab4vy8
|
| 040 |
|
|
|a SNKBUCL
|b slo
|c SNKBUCL
|e AACR2
|
| 041 |
0 |
|
|a slo
|
| 044 |
|
|
|a xo
|c SK
|
| 100 |
1 |
|
|a Gogoláková, Petra
|4 aut
|9 1534751
|
| 245 |
1 |
0 |
|a Znalecký posudok (kazuistiky)
|c Petra Gogoláková, Robert Vlček
|
| 700 |
1 |
|
|a Vlček, Robert,
|d 1961-
|4 aut
|9 220559
|
| 773 |
0 |
|
|t Ošetrovateľský obzor : odborný časopis Ministerstva zdravotníctva Slovenskej republiky a Slovenskej zdravotníckej univerzity v Bratislave
|g Roč. 9, č. 3-4 (2012), s. 71-80
|
| 850 |
|
|
|a Slovenská národná knižnica
|
| 852 |
|
|
|a Slovenská národná knižnica
|
| 954 |
|
|
|a odborná, vedecká literatúra pôvodná (slovenská)
|2 lita
|
| 958 |
|
|
|a article3
|
| 958 |
|
|
|a OND
|
| 958 |
|
|
|a EUIPO
|
| 999 |
|
|
|c 3104203
|d 3106133
|